Catalog

Record Details

Catalog Search



It's not my fault I know everything. #8 : by Jamie ... Read More

Benton, Jim.(Author).

Available copies

  • 2 of 2 copies available at LARL/NWRL Consortium.

Current holds

0 current holds with 2 total copies.

Show Only Available Copies
Location Call Number / Copy Notes Barcode Shelving Location Status Due Date
Greenbush Public Library j pb (Text) 35500004712145 Main Available -
Roseau Public Library j pb (Text) 35500005898307 Main Available -

Record details

  • ISBN: 9780439825979 (pbk.) :
  • ISBN: 0439825970 (pbk.) :
  • Physical Description: 131 p. : ill. ; 20 cm.
  • Publisher: New York : Scholastic, c2009.

Content descriptions

General Note:
"Jim Benton's tales from Mackerel Middle School."
"Apple series"--Cover p. [4].
Summary, etc.:
Jamie Kelly looks back through her very oldest ... Read More
Target Audience Note:
5.
008 and up.
Subject: Diaries > Juvenile fiction.
Middle schools > Juvenile fiction.
LDR 01502cam a2200361Ia 4500
001101674
003LARL_NWRL_CONSORTIUM
00520161007135720.0
008080818s2009 nyua j 000 1 eng d
020 . ‡a9780439825979 (pbk.) : ‡c$5.99
020 . ‡a0439825970 (pbk.) : ‡c$5.99
035 . ‡a(OCoLC)244068583
0820 . ‡a[Fic] ‡222
1001 . ‡aBenton, Jim. ‡0(LARL_NWRL_CONSORTIUM)186079
24510. ‡aIt's not my fault I know everything. ‡n#8 : ‡bby Jamie Kelly / ‡c[by Jim Benton].
2463 . ‡aIt is not my fault I know everything
260 . ‡aNew York : ‡bScholastic, ‡cc2009.
300 . ‡a131 p. : ‡bill. ; ‡c20 cm.
4900 . ‡aDear dumb diary ; ‡v8
500 . ‡a"Jim Benton's tales from Mackerel Middle School."
500 . ‡a"Apple series"--Cover p. [4].
5210 . ‡a5.
5211 . ‡a008 and up.
520 . ‡aJamie Kelly looks back through her very oldest diaries, and is amazed at how dumb she used to be considering how smart she is now.
650 0. ‡aDiaries ‡vJuvenile fiction. ‡0(LARL_NWRL_CONSORTIUM)171810
650 0. ‡aMiddle schools ‡vJuvenile fiction. ‡0(LARL_NWRL_CONSORTIUM)173367
901 . ‡a101674 ‡bOCLC ‡c101674 ‡tbiblio

Additional Resources